El lobby a la Unió Europea : guia pràctia per als ens locals / coordinació: Direcció de Serveis de Relacions Internacionals guia pràctia per als ens locals / coordinació:
ISBN:
978-84-9803-276-5
Publicado:
Barcelona :
Diputació de Barcelona. Àrea de Presidència. Direcció de Serveis de Relacions Intenacionals ,
2008
Descripción Física:
86 p. : quadres ; 30 cm
Colección:
Documents de treball. Govern Local ; 1
MARC
| LEADER | 00000nam a2200000Ia 4500 | ||
|---|---|---|---|
| 001 | 19951 | ||
| 008 | 160829s2008 xx 000 0 cat d | ||
| 020 | |a 978-84-9803-276-5 | ||
| 080 | |a M-5-505 | ||
| 245 | |a El lobby a la Unió Europea : |b guia pràctia per als ens locals / coordinació: |b Direcció de Serveis de Relacions Internacionals | ||
| 260 | |a Barcelona : |b Diputació de Barcelona. Àrea de Presidència. Direcció de Serveis de Relacions Intenacionals, |c 2008 | ||
| 300 | |a 86 p. : |b quadres ; |c 30 cm | ||
| 490 | |a Documents de treball. Govern Local ; 1 | ||
| 650 | |a Grups de pressió |x Unió Europea, Països de la |x Guies |9 44192 | ||
| 650 | |a Empreses |x Unió Europea, Països de la |x Guies |9 44193 | ||
| 710 | |a Barcelona (Catalunya : Província). |b Direcció de Serveis de Relacions Internacionals |e entitat editora |9 53455 | ||
| 901 | |a Arxiu | ||
| 942 | |n 1 |2 udc | ||
| 952 | |0 0 |1 0 |4 0 |6 M5505 |7 1 |9 51839 |a Arxiu |b Arxiu |d 2016-12-01 |l 0 |o M-5-505 |p 19951 |r 2016-12-01 00:00:00 |w 2016-12-01 |y ARXIU | ||
| 999 | |c 55685 |d 55685 | ||